000 00940nam a22003497a 4500
001 BR6004206
003 BR-BrBNA
005 20230928095554.0
007 ta
008 230509b bl.||||| |||| 00| 0 por d
040 _aBR-BrBNA
_bpor
_cBiblioteca Nacional de Agricultura
041 _a(Por)
072 _aM01
090 _ M01 BR6004206
100 1 _aViero, N.M.
100 1 _aAvruch, M.
100 1 _aVaquero, A.L.
100 1 _aVassao, C.M.
110 1 _aConselho de Desenvolvimento do Extremo Sul, Porto Alegre, RS (Brasil)
_92598
245 1 _aEstudo sobre a pesca no Rio Grande do Sul. Frota pesqueira
260 3 _aPorto Alegre, RS (Brasil):
_c1965.
300 _a275 p.
500 _a149 illus.
650 _aPesca
650 _aCaptura
650 _aRendimento
650 _aProducao Pesqueira
650 _aCusto
650 _aRio Grande do Sul
909 _a202309
_bLucia
_c55
_dLucia Elande
942 _cBK
999 _c57364
_d57364